000
00226 a2200097 4500
001
46645
100
_a
Kohli S
245
_a
Sea power and the Indian ocean
260
_a
New Delhi
_b
Tata McGraw Hill
_c
090
_c
29745
_d
29745
942
_a
NUST-CAE
_c
M
_c
21941
999
_c
281718
_d
281718